Annual report, 1957-58 (Record no. 504182)

000 -LEADER
fixed length control field 00343cam a22001097a 4500
008 - FIXED-LENGTH DATA ELEMENTS--GENERAL INFORMATION
fixed length control field 180718b1958 xxu||||| |||| 00| 0 eng d
082 ## - DEWEY DECIMAL CLASSIFICATION NUMBER
Classification number A45:W65x79494 1957
100 ## - MAIN ENTRY--PERSONAL NAME
Personal name United States. Department of Airports
245 ## - TITLE STATEMENT
Title Annual report, 1957-58
Statement of responsibility, etc. by Department of Airports
260 ## - PUBLICATION, DISTRIBUTION, ETC.
Place of publication, distribution, etc. Los Angeles
Name of publisher, distributor, etc. Department of Airports
Date of publication, distribution, etc. 1958
300 ## - PHYSICAL DESCRIPTION
Extent 22p.
Holdings
Withdrawn status Lost status Damaged status Not for loan Permanent Location Current Location Date acquired Full call number Barcode Date last seen Price effective from Koha item type
        Indian Institute of Public Administration Indian Institute of Public Administration 2018-08-04 A45:W65x79494 1957 GG32863 2018-08-04 2018-08-04 GG

Powered by Koha